Largest Cities in the Caucasus - Statistics

General Stats
  • This quiz has been taken 115 times
  • The average score is 7 of 20
Answer Stats
Country Population City % Correct
Azerbaijan 1,229,100 Baku
99%
Georgia 1,140,700 Tbilisi
98%
Armenia 1,084,000 Yerevan
97%
Georgia 166,000 Batumi
63%
Azerbaijan 328,400 Ganja
57%
Georgia 138,200 Kutaisi
47%
Russia 603,518 Makhachkala
47%
Armenia 112,400 Gyumri
39%
Azerbaijan 239,583 Nalchik
28%
Georgia 128,300 Rustavi
27%
Russia 125,832 Derbent
25%
Azerbaijan 297,600 Sumqayit
24%
Russia 122,261 Nazran
14%
Russia 123,168 Cherkessk
10%
Russia 145,109 Khasavyurt
7%
Russia 123,988 Kaspiysk
6%
Azerbaijan 96,200 Khirdalan
6%
Azerbaijan 101,600 Mingechevir
6%
Russia 303,597 Ordzonikidse
1%
Azerbaijan 84,500 Garachukur
0%
No matching quizzes found
Score Distribution
Percent of People with Each Score
Percentile by Number Answered
Your Score History
You have not taken this quiz